• 首页
  • 本馆介绍
  • 公告通知
  • 最新文献
  • 馆藏检索
  • 电子资源
  • 读者导购
  • 参考咨询
  • 我的图书馆
  • 登录
  • 详细信息显示
  • 放入我的书架
  • 预约/预借图书
  • 作者相关作品
  • 分类相关作品
  • 丛书相关作品
  • 出版社相关作品

书目信息

  • 表格格式
  • 工作单格式
  • 卡片格式
题名:
怎样画图案
    
 
作者: 雷圭元 , 时彩舟 编
分册:  
出版信息: 北京   人民美术出版社  1982
页数: 57页
开本: 19cm
丛书名:
单 册:
中图分类: J228.1
科图分类:
主题词: 图案-技法(美术) , 绘画--中国
电子资源:
ISBN:
000 00713nam0 2200277 45
001 0182007901
005 20040518103740.9
010    @dCNY0.33
091    @a8027.2115
100    @a19950630d1982 em y0chiy0121 ea
101 0  @achi
102    @aCN@b110000
105    @aa z 000yy
106    @ar
200 10 @a怎样画图案@Azen yang hua tu an@f雷圭元编@g时彩舟绘图
205    @a2版
210    @a北京@c人民美术出版社@d1982
215    @a57页@d19cm
606    @a图案-技法(美术)
606 0  @a绘画@x中国
690    @aJ228.1
701  0 @a雷圭元@Alei gui yuan@4编
701  0 @a时彩舟@Ashi cai zhou@4绘图
801  0 @aCN@b上海图书馆@c20040518
801  2 @aCN@bNLC@c20040518
905    @f1@b90376@dJ228.1@e73
    
    怎样画图案/雷圭元编/时彩舟绘图.-2版.-北京:人民美术出版社,1982
    57页;19cm
    
    
    ISBN :CNY0.33
    
●
相关链接 在E读中查询图书 在五车中查询图书 在当当中查询图书 在豆瓣中查询图书


正题名:怎样画图案     索取号:J228.1/73         预约/预借

序号 登录号 条形码 馆藏地/架位号 状态 备注
1 0090376   000794297   第一样本阅览室/ [索取号:J228.1/73] 在馆    
2 0090377   000794304   第一样本阅览室/ [索取号:J228.1/73] 在馆    
唐山师范学院图书馆 欢迎您!
大连网信软件有限公司© 版权所有